A Textbook of Modern Toxicology / (Record no. 518)
[ view plain ]
| 000 -LEADER | |
|---|---|
| fixed length control field | 00774nam a2200265 a 4500 |
| 001 - CONTROL NUMBER | |
| control field | 00011364 |
| 005 - DATE AND TIME OF LATEST TRANSACTION | |
| control field | 20251029192215.0 |
| 008 - FIXED-LENGTH DATA ELEMENTS--GENERAL INFORMATION | |
| fixed length control field | 110328s2004 njua g 000 0 eng d |
| 020 ## - INTERNATIONAL STANDARD BOOK NUMBER | |
| ISBN | 047126508X : |
| Terms of availability | TK8645.00 |
| 040 ## - CATALOGING SOURCE | |
| Original cataloging agency | BD-DhIUB |
| Transcribing agency | BD-DhIUB |
| 082 04 - DEWEY DECIMAL CLASSIFICATION NUMBER | |
| Classification number | 615.9 |
| Edition number | 19 |
| 100 1# - MAIN ENTRY--PERSONAL NAME | |
| Personal name | Hodgson, Ernest (editor) |
| 245 00 - TITLE STATEMENT | |
| Title | A Textbook of Modern Toxicology / |
| Statement of responsibility, etc | Ernest (editor) Hodgson |
| 250 ## - EDITION STATEMENT | |
| Edition statement | 1st ed. |
| 260 ## - PUBLICATION, DISTRIBUTION, ETC. (IMPRINT) | |
| Place of publication, distribution, etc | New Jersey : |
| Name of publisher, distributor, etc | John Wiley and Sons, Inc, |
| Date of publication, distribution, etc | 2004. |
| 300 ## - PHYSICAL DESCRIPTION | |
| Extent | xxi, 557p. : |
| Other physical details | illus ; |
| Dimensions | 26cm |
| 520 0# - SUMMARY, ETC. | |
| Summary, etc | Environment Management |
| 556 ## - INFORMATION ABOUT DOCUMENTATION NOTE | |
| Information about documentation note | 2006\07\16 |
| 526 ## - STUDY PROGRAM INFORMATION NOTE | |
| Department | Pharmacy |
| 650 17 - SUBJECT ADDED ENTRY--TOPICAL TERM | |
| Topical term or geographic name as entry element | Toxicology |
| Source of heading or term | Spines |
| 650 17 - SUBJECT ADDED ENTRY--TOPICAL TERM | |
| Topical term or geographic name as entry element | Toxins |
| Source of heading or term | Spines |
| 650 17 - SUBJECT ADDED ENTRY--TOPICAL TERM | |
| Topical term or geographic name as entry element | Pollutants |
| Source of heading or term | Spines |
| 650 17 - SUBJECT ADDED ENTRY--TOPICAL TERM | |
| Topical term or geographic name as entry element | Health Hazards |
| Source of heading or term | Spines |
| Withdrawn status | Lost status | Source of classification or shelving scheme | Damaged status | Not for loan | Home library | Current library | Shelving location | Date acquired | Source of acquisition | Cost, normal purchase price | Total Checkouts | Full call number | Barcode | Date last seen | Copy number | Price effective from | Koha item type |
|---|---|---|---|---|---|---|---|---|---|---|---|---|---|---|---|---|---|
| Dewey Decimal Classification | Not For Loan | Library, Independent University, Bangladesh (IUB) | Library, Independent University, Bangladesh (IUB) | Reference Stacks | 21/04/2011 | 0.00 | 615.9 T355 | 017178 | 11/05/2011 | 1 | 11/05/2011 | Books |